Otazníky nad vývojem investic v roce 1993. Pokles, nebo růst?

Závislosť vývoja hrubého domáceho produktu v ČR od vývoja jeho relatívne autonómnych zložiek: súkromnej a verejnej spotreby, exportu a hrubých investícií. Základný problém predpovede investičného dopytu. Investori a finančné zdroje. Vývoj investícií v ČR v r. 1989-1992 a očakávania priebehu investič...

Descrizione completa

Salvato in:
Dettagli Bibliografici
Autore principale: Kalous, Miroslav
Natura: Capitolo di libro
Lingua:ceco
Soggetti:
Tags: Aggiungi Tag
Nessun Tag, puoi essere il primo ad aggiungerne!!

MARC

LEADER 00000naa a2200000 4500
001 r013239
005 20221205075654.1
041 0 |a cze 
044 |a CZ 
245 1 0 |a Otazníky nad vývojem investic v roce 1993.  |b Pokles, nebo růst?  |c Miroslav Kalous 
520 |a Závislosť vývoja hrubého domáceho produktu v ČR od vývoja jeho relatívne autonómnych zložiek: súkromnej a verejnej spotreby, exportu a hrubých investícií. Základný problém predpovede investičného dopytu. Investori a finančné zdroje. Vývoj investícií v ČR v r. 1989-1992 a očakávania priebehu investičnej aktivity v r. 1993. 
610 2 0 |a investície 
610 2 0 |a Čechy 
610 2 0 |a 1989-1992 
610 2 0 |a 1993 
610 2 0 |a produkt domáci hrubý 
610 2 0 |a investori 
610 2 0 |a zdroje finančné 
610 2 0 |a spotreba 
610 2 0 |a vývoz 
100 1 |a Kalous, Miroslav